| 000 | 00429nam a22001457a 4500 | ||
|---|---|---|---|
| 020 | _a978-93-82116-86-8 | ||
| 082 |
_a894.812.3 _bKAV/D |
||
| 100 | _aKAVILPPADU A.B.V | ||
| 245 |
_aDEVIMAHATHMYA KATHAKAL _bSREE LALITHASAHASRANAMASTHOTHRAM, SAHASRANAVAVALI, DEVISTHUTHIKAL |
||
| 250 | _a4 | ||
| 260 |
_aTHRISSUR _bH&C PUBLISHING HOUSE _c2012 |
||
| 300 | _a128 | ||
| 650 |
_aHINDU RELIGIOUS STORIES AND SLOGAMS _zKERALA |
||
| 942 | _cBK | ||
| 999 |
_c1208 _d1208 |
||